Welcome to CU Library Online Public Access Catalogue (OPAC)

INSTRUCTOR'S MANUAL FOR MEDIA IMPACT: (Record no. 9184)

MARC details
000 -LEADER
fixed length control field 00484nam a22001577a 4500
005 - DATE AND TIME OF LATEST TRANSACTION
control field 20260327141944.0
008 - FIXED-LENGTH DATA ELEMENTS--GENERAL INFORMATION
fixed length control field 260327b |||||||| |||| 00| 0 eng d
020 ## - INTERNATIONAL STANDARD BOOK NUMBER
International Standard Book Number 0534217451
050 ## - LIBRARY OF CONGRESS CALL NUMBER
Classification number P90
Item number .B489 BIA
100 ## - MAIN ENTRY--PERSONAL NAME
Personal name HAAG JAN
245 ## - TITLE STATEMENT
Title INSTRUCTOR'S MANUAL FOR MEDIA IMPACT:
Remainder of title AN INTRODUCTION TO MASS MEDIA/
Statement of responsibility, etc. JAN HAAG & SHIRLEY BIAGI
250 ## - EDITION STATEMENT
Edition statement 3rd Ed.
260 ## - PUBLICATION, DISTRIBUTION, ETC.
Place of publication, distribution, etc. California
Name of publisher, distributor, etc. Wadsworth Publishing Company
Date of publication, distribution, etc. 1996
700 ## - ADDED ENTRY--PERSONAL NAME
Personal name BIAGI, SHIRLEY
942 ## - ADDED ENTRY ELEMENTS (KOHA)
Source of classification or shelving scheme Library of Congress Classification
Koha item type Books
Edition 3rd Ed.
Suppress in OPAC No
999 ## -
-- 9184
-- 9184
Holdings
Withdrawn status Lost status Source of classification or shelving scheme Damaged status Not for loan Collection Home library Current library Shelving location Date acquired Total checkouts Full call number Barcode Date last seen Copy number Price effective from Koha item type
    Library of Congress Classification     Non-fiction Business Library (Miotso) Business Library (Miotso) General stacks 03/27/2026   P90 .B489 BIA BSSM00003083 03/27/2026 1 03/27/2026 Books
© 2023-2024 Copyright: Central University Libraries. All Rights Reserved | Created by: Mahone Tech Office